MARC

LEADER 00000nam0a2200000 4500
001 248571
005 20231031212532.0
010 |a 5274000800 
035 |a (RuTPU)RU\TPU\book\270397 
090 |a 248571 
100 |a 20140123d1988 k y0rusy50 ca 
101 0 |a rus 
102 |a RU 
105 |a a z 001zy 
200 1 |a Инженерная подготовка территории строительной площадки промышленного предприятия  |f П. П. Олейник, Л. Ш. Фомиль 
210 |a Москва  |c Стройиздат  |d 1988 
215 |a 240 с.  |c ил. 
320 |a Библиогр.: с. 240. 
606 1 |a Строительные площадки  |2 stltpush  |3 (RuTPU)RU\TPU\subj\57718 
610 1 |a инженерная подготовка 
610 1 |a территории 
610 1 |a промышленные предприятия 
610 1 |a характеристика 
610 1 |a комплектно-блочное строительство 
610 1 |a эксплуатация 
610 1 |a экономическая эффективность 
675 |a 69.055  |v 3 
700 1 |a Олейник  |b П. П.  |g Павел Павлович 
701 1 |a Фомиль  |b Л. Ш.  |g Леонид Шаевич 
801 1 |a RU  |b 63413507  |c 20140123 
801 2 |a RU  |b 63413507  |c 20140130  |g RCR 
942 |c BK